MARC details
| 000 -CABECERA |
| campo de control de longitud fija |
02600nam a2200325 i 4500 |
| 001 - NÚMERO DE CONTROL |
| campo de control |
000017608 |
| 003 - IDENTIFICADOR DEL NÚMERO DE CONTROL |
| campo de control |
DO-SdBNP |
| 005 - FECHA Y HORA DE LA ÚLTIMA TRANSACCIÓN |
| campo de control |
20260417182716.0 |
| 007 - CAMPO FIJO DE DESCRIPCIÓN FÍSICA--INFORMACIÓN GENERAL |
| campo de control de longitud fija |
ta |
| 008 - DATOS DE LONGITUD FIJA--INFORMACIÓN GENERAL |
| campo de control de longitud fija |
100329s1977 dr 001 e spa d |
| 040 ## - FUENTE DE LA CATALOGACIÓN |
| Centro catalogador/agencia de origen |
DO-SdBNP |
| Lengua de catalogación |
spa |
| Centro/agencia transcriptor |
BNPHU |
| Normas de descripción |
rda |
| 041 ## - CÓDIGO DE LENGUA |
| Código de lengua del texto/banda sonora o título independiente |
spa |
| 082 #4 - NÚMERO DE LA CLASIFICACIÓN DECIMAL DEWEY |
| Número de clasificación |
H864.08 |
| Número de documento/Ítem |
T355p |
| Número de edición |
22 |
| 245 00 - MENCIÓN DE TÍTULO |
| Título |
Textos de pensadores hispanoamericanos : |
| Resto del título |
antología / |
| Mención de responsabilidad, etc. |
introducción, notas y selección de Apolinar Núñez. |
| 264 ## - PRODUCCIÓN, PUBLICACIÓN, DISTRIBUCIÓN, FABRICACIÓN Y COPYRIGHT |
| Producción, publicación, distribución, fabricación y copyright |
Santo Domingo, República Dominicana : |
| Nombre del de productor, editor, distribuidor, fabricante |
Editora Taller, |
| Fecha de producción, publicación, distribución, fabricación o copyright |
1977. |
| 300 ## - DESCRIPCIÓN FÍSICA |
| Extensión |
185 páginas ; |
| Dimensiones |
20 cm. |
| 336 ## - TIPO DE CONTENIDO |
| Término de tipo de contenido |
texto |
| Código de tipo de contenido |
txt |
| Fuente |
rdacontent |
| 337 ## - TIPO DE MEDIO |
| Nombre/término del tipo de medio |
sin mediación |
| Código del tipo de medio |
n |
| Fuente |
rdamedia |
| 338 ## - TIPO DE SOPORTE |
| Nombre/término del tipo de soporte |
volumen |
| Código del tipo de soporte |
nc |
| Fuente |
rdacarrier |
| 490 0# - MENCIÓN DE SERIE |
| Mención de serie |
Biblioteca taller |
| Designación de volumen o secuencia |
74 |
| 505 0# - NOTA DE CONTENIDO CON FORMATO |
| Información miscelánea |
Introducción / |
| Mención de responsabilidad |
Apolinar Núñez -- |
| Título |
Declaratoria de la independencia dominicana / |
| Mención de responsabilidad |
José Núñez de Cáceres (1772-1846) -- |
| Título |
Nuestro ideal: la creación de la cultura americana / |
| Mención de responsabilidad |
Andrés Bello (1781-1865) -- |
| Título |
El sistema colonial / |
| Mención de responsabilidad |
Faustino Domingo Sarmiento (1811-1888) -- |
| Título |
La moral y las profesiones / |
| Mención de responsabilidad |
Eugenio María de Hostos (1839-1903) -- |
| Título |
Notas acerca del idioma / |
| Mención de responsabilidad |
Manuel González Prada (1848-1918) -- |
| Título |
El hombre rutinario / |
| Mención de responsabilidad |
José Ingenieros (1877-1925) -- |
| Título |
La tradición de los pueblos hispanoamericanos / |
| Mención de responsabilidad |
José Enrique Rodó (1872-1917) -- |
| Título |
Mi raza ; Tres héroes ; Nuestra América / |
| Mención de responsabilidad |
José Martí (1853-1895) -- |
| Título |
Sufrimientos actuales del pueblo dominicano ; Infructuosidad de nuestro militarismo / |
| Mención de responsabilidad |
José Ramón López (1866-1922) -- |
| Título |
El pensamiento iberoamericano / |
| Mención de responsabilidad |
José Vasconcelos (1881-1959) -- |
| Título |
Patria de la justicia ; El descontento y la promesa / |
| Mención de responsabilidad |
Pedro Henríquez Ureña (1884-1946) -- |
| Título |
Notas sobre la inteligencia americana / |
| Mención de responsabilidad |
Alfonso Reyes (1889-1959) -- |
| Título |
Comunicación y situación / |
| Mención de responsabilidad |
Francisco Romero (1891-1962) / |
| Título |
La reforma universitaria ; El artista y la época / |
| Mención de responsabilidad |
José Carlos Mariátegui (1895-1930) -- |
| Título |
La pedantería / |
| Mención de responsabilidad |
Samuel Ramos (1897-1959) -- |
| Título |
Para un arte de escribir / |
| Mención de responsabilidad |
Jorge Mañach (1898-1962) -- |
| Título |
Qué es el pentagonismo / |
| Mención de responsabilidad |
Juan Bosch (1909-2001) -- |
| Título |
Lengua hablada y lengua escrita / |
| Mención de responsabilidad |
Adolfo Jiménez Hernández (1910-) -- |
| Título |
La libertad del arte y la revolución / |
| Mención de responsabilidad |
Fidel Castro (1927-). |
| 590 ## - NOTA LOCAL (RLIN) |
| Nota local |
Inventariado, 2023 / DG |
| 650 #4 - PUNTO DE ACCESO ADICIONAL DE MATERIA--TÉRMINO DE MATERIA |
| Término de materia o nombre geográfico como elemento de entrada |
Ensayos hispanoamericanos |
| Subdivisión general |
Colecciones |
| 9 (RLIN) |
31131 |
| 650 #4 - PUNTO DE ACCESO ADICIONAL DE MATERIA--TÉRMINO DE MATERIA |
| Término de materia o nombre geográfico como elemento de entrada |
Autores hispanoamericanos |
| Subdivisión general |
Ensayos, conferencias, etc. |
| 9 (RLIN) |
31868 |
| 650 #4 - PUNTO DE ACCESO ADICIONAL DE MATERIA--TÉRMINO DE MATERIA |
| Término de materia o nombre geográfico como elemento de entrada |
Intelectuales |
| Subdivisión geográfica |
América Latina |
| Subdivisión general |
Ensayos, conferencias, etc. |
| 9 (RLIN) |
31869 |
| 650 #0 - PUNTO DE ACCESO ADICIONAL DE MATERIA--TÉRMINO DE MATERIA |
| Término de materia o nombre geográfico como elemento de entrada |
Literatura hispanoamericana |
| 9 (RLIN) |
318 |
| 700 1# - PUNTO DE ACCESO ADICIONAL--NOMBRE DE PERSONA |
| Nombre de persona |
Núñez, Apolinar |
| Término indicativo de función/relación |
compilador |
| Código de función/relación |
comp. |
| 9 (RLIN) |
14150 |
| 910 ## - DATOS DE OPCIÓN DEL USUARIO (OCLC) |
| Datos de opción del usuario |
Validado. Control de calidad EMS |
| 942 ## - ELEMENTOS DE PUNTO DE ACCESO ADICIONAL (KOHA) |
| Fuente del sistema de clasificación o colocación |
Dewey Decimal Classification |
| Tipo de ítem Koha |
Libro |